A simple study of public adminitration (Record no. 1342)

MARC details
000 -LEADER
fixed length control field 00511cam a2200193ua 4500
008 - FIXED-LENGTH DATA ELEMENTS--GENERAL INFORMATION
fixed length control field 110713n ii |||gr||||Z||||||eng
040 ## - CATALOGING SOURCE
Transcribing agency MAIN
082 ## - DEWEY DECIMAL CLASSIFICATION NUMBER
Classification number 350
100 ## - MAIN ENTRY--PERSONAL NAME
Personal name Sachdeva & Gupta,
Relator term
245 1# - TITLE STATEMENT
Title A simple study of public adminitration
Statement of responsibility, etc. by Sachdeva & Gupta
250 ## - EDITION STATEMENT
Edition statement 7th.
260 ## - PUBLICATION, DISTRIBUTION, ETC.
Place of publication, distribution, etc. delhi:
Name of publisher, distributor, etc. Ajanta Prakashan,993.
300 ## - PHYSICAL DESCRIPTION
Extent xx; 567p:
Dimensions 23cm.
700 ## - ADDED ENTRY--PERSONAL NAME
Personal name Singh, K. S.,
Relator term
942 ## - ADDED ENTRY ELEMENTS (KOHA)
Koha item type Books
653 ## - INDEX TERM--UNCONTROLLED
Uncontrolled term Political Science
653 ## - INDEX TERM--UNCONTROLLED
Uncontrolled term Public Administration
Holdings
Withdrawn status Lost status Damaged status Not for loan Home library Current library Shelving location Date acquired Total Checkouts Full call number Barcode Date last seen Copy number Price effective from Koha item type
        Central Library, Naharkatiya College Central Library, Naharkatiya College General Stacks 19/09/2020   350 | SIN 1147 19/09/2020 1 19/09/2020 Books

Naharkatiya College © 2020. All rights reserved.

Powered By